| 000 | 02409nam0a2200433 4500 | ||
|---|---|---|---|
| 001 | RU\NLR\bibl\578128 | ||
| 005 | 20260406111050.0 | ||
| 010 |
_a5-7464-0490-X _9500 |
||
| 021 |
_aRU _b2004-28218 _91422 |
||
| 035 | _aRSL-KNO-002433945 | ||
| 035 | _a(NLR Aleph) 000570148 | ||
| 090 |
_a1587327 _c1587327 |
||
| 100 | _a20040519d2003 |||y0rusy50 ca | ||
| 101 | 0 | _arus | |
| 102 | _aRU | ||
| 105 | _aa ||||||||| | ||
| 106 | _ar | ||
| 200 | 1 |
_aКазанский университет Александровской эпохи: альбом из нескольких портретов _fЕ. А. Вишленкова |
|
| 210 |
_aКазань _cИзд-во Казан. ун-та _d2003 _eТип. Фолиантъ |
||
| 215 |
_a240 с. _cил., портр., факс. _d22 |
||
| 300 | _aНа 4-й с. обл. авт.: Е.А. Вишленкова, проф. | ||
| 300 | _aНа обл.: К 200-летию Казан. ун-та | ||
| 320 | _aБиблиогр.: с. 226-235 и в подстроч. прим. | ||
| 320 | _aДр. кн. авт. на 4-й с. обл. | ||
| 320 | _aИмен. указ.: с. 236-240 | ||
| 601 | 0 | 2 |
_aКазанский императорский университет _xИстория _zнач. 19 в. _92357170 _3RU\NLR\AUTH\661407871 |
| 610 | 0 | _aКультура. Наука. Просвещение -- Народное образование. Педагогические науки -- Высшее образование. Педагогика высшей школы -- Высшее образование -- Российская Федерация -- Система высшего образования -- Университетское образование. Отдельные университеты -- Отдельные университеты -- Казанский университет -- История университета | |
| 686 |
_aЧ484(2)711.9Казанский.г,0 _2rubbk |
||
| 686 | _aЧ484(2)711.9-Казанский | ||
| 700 | 1 |
_aВишленкова _bЕ. А. _gЕлена Анатольевна _4070 |
|
| 712 | 0 | 2 |
_4570 _aКазанский императорский университет _3RU\NLR\AUTH\886383 _9284589 |
| 801 | 0 |
_aRU _bRuMoRKP _c20040519 _gPSBO |
|
| 801 | 1 |
_aRU _bRuMoRGB _c20040519 |
|
| 801 | 2 |
_aRU _bNLR _c20041126 _gPSBO |
|
| 830 | _aАвт. по кн | ||
| 942 | _cBOOK | ||
| 980 | _aNB | ||